Biggest European Cities by Letter - L - Statistics

General Stats
  • This quiz has been taken 447 times
    273 since last reset
  • The average score is 11 of 14
Answers on the Map
Answers color-coded by a green-red scale on the quiz's map according to % correct below.
 
Answer Stats
Population Country City % Correct
8,776,535 United Kingdom London
100%
545,796 Portugal Lisbon
99%
522,250 France Lyon
96%
506,552 United Kingdom Liverpool
94%
536,321 United Kingdom Leeds
92%
284,293 Slovenia Ljubljana
90%
236,710 France Lille
87%
598,899 Germany Leipzig
83%
717,273 Ukraine Lviv
79%
406,588 United Kingdom Leicester
78%
652,015 Poland Lodz
71%
397,677 Ukraine Luhansk
54%
215,958 Germany Lubeck
52%
329,565 Poland Lublin
49%
No matching quizzes found
Score Distribution
Percent of People with Each Score
Percentile by Number Answered
Your Score History
You have not taken this quiz since the last reset